|
|
|
|
| LEADER |
00928nam a22002657a 4500 |
| 001 |
31280 |
| 003 |
BD-DhAAL |
| 005 |
20161030164311.0 |
| 008 |
161030s2015 bg ||||| |||| 00| 0 mul d |
| 040 |
|
|
|a BD-DhAAL
|c BD-DhAAL
|
| 082 |
|
|
|2 22
|a 344.549201
|
| 999 |
|
|
|c 37895
|d 37895
|
| 999 |
|
|
|c 0
|
| 999 |
|
|
|c 36590
|
| 100 |
|
|
|a Haque, Md. Azizul
|9 17311
|
| 245 |
|
|
|a Bangladesh labour law ( all amendments, recent ruling & rules included)/
|
| 246 |
|
|
|a Bangladesh Labour Law, 2006
|
| 260 |
|
|
|a Dhaka :
|b Universal Book House,
|c 2015
|
| 300 |
|
|
|a xlvi, 829 pages ;
|c 25 cm.
|
| 526 |
|
|
|a SOL
|
| 541 |
|
|
|e 31280
|
| 650 |
|
|
|a Labor laws and legislation
|z Bangladesh
|9 17312
|
| 852 |
|
|
|a Ayesha Abed Library
|c General Stacks
|
| 942 |
|
|
|2 ddc
|c BK
|
| 952 |
|
|
|0 0
|1 0
|2 ddc
|4 0
|6 344_549201000000000_HAQ
|7 0
|9 59768
|a BRACUL
|b BRACUL
|c GEN
|d 2016-10-30
|e Author
|l 9
|m 87
|o 344.549201 HAQ
|p 3010031280
|q 2026-03-10
|r 2026-03-03
|s 2026-03-03
|t 1
|w 2016-10-30
|y BK
|